[Event "Junior Online 4NCL Division 5"]
[Site "online"]
[Date "2020.05.14"]
[Round "5.15"]
[White "Bhargava, Aarav"]
[Black "Kapoor, Devansh"]
[Result "0-1"]
[WhiteElo "820"]
[BlackElo "1067"]
[PlyCount "45"]
[EventDate "2020.05.14"]
[WhiteTeam "Uxbridge Juniors C"]
[BlackTeam "Uxbridge Juniors B1"]

1. e4 e6 2. Nf3 d5 3. Nc3 dxe4 4. Nxe4 Nf6 5. Nxf6+ Qxf6 6. Bb5+ c6 7. Bf1 b6
8. d4 Ba6 9. Bxa6 Nxa6 10. Bg5 Qg6 11. h4 h6 12. Qd2 hxg5 13. hxg5 Rxh1+ 14.
Ke2 Rxa1 15. Ne5 Qe4+ 16. Qe3 Qxg2 17. Nd7 Qf1+ 18. Kf3 Kxd7 19. Qe4 Qd1+ 20.
Kf4 Bd6+ 21. Ke3 Nb4 22. c3 Nc2+ 23. Qxc2 0-1

[Event "Junior Online 4NCL Division 5"]
[Site "online"]
[Date "2020.05.14"]
[Round "5.17"]
[White "Chopra, Nipun"]
[Black "Mangalagiri, Pranav"]
[Result "0-1"]
[WhiteElo "775"]
[BlackElo "970"]
[PlyCount "26"]
[EventDate "2020.05.14"]
[WhiteTeam "Uxbridge Juniors C"]
[BlackTeam "Uxbridge Juniors B1"]

1. e4 e6 2. Bc4 d5 3. exd5 exd5 4. Bb3 Nf6 5. Qf3 Bg4 6. Qf4 Nc6 7. d3 Bc5 8.
Qg5 O-O 9. Ne2 Bxe2 10. Kxe2 Re8+ 11. Kf3 h6 12. Qg3 Bd6 13. Qh3 Nd4# 0-1

[Event "Junior Online 4NCL Division 5"]
[Site "online"]
[Date "2020.05.14"]
[Round "5.19"]
[White "Kapoor, Devansh"]
[Black "Bhargava, Aarav"]
[Result "1-0"]
[WhiteElo "1067"]
[BlackElo "820"]
[PlyCount "31"]
[EventDate "2020.05.14"]
[WhiteTeam "Uxbridge Juniors B1"]
[BlackTeam "Uxbridge Juniors C"]

1. e4 e5 2. Nf3 Nc6 3. Bb5 Nf6 4. Bxc6 bxc6 5. Nxe5 Bd6 6. Nc4 Ba6 7. Nxd6+
cxd6 8. Nc3 d5 9. exd5 cxd5 10. d4 Ne4 11. Nxe4 dxe4 12. Qg4 f5 13. Qxg7 Rf8
14. Bg5 Qa5+ 15. c3 Qb5 16. Qe7# 1-0

[Event "Junior Online 4NCL Division 5"]
[Site "online"]
[Date "2020.05.14"]
[Round "5.21"]
[White "Mangalagiri, Pranav"]
[Black "Chopra, Nipun"]
[Result "1-0"]
[WhiteElo "970"]
[BlackElo "775"]
[PlyCount "75"]
[EventDate "2020.05.14"]
[WhiteTeam "Uxbridge Juniors B1"]
[BlackTeam "Uxbridge Juniors C"]

1. e4 e6 2. Nf3 Bc5 3. Bc4 Qf6 4. d3 e5 5. Nc3 d6 6. Bd2 Bg4 7. O-O Qg6 8. h3
Bxf3 9. Qxf3 Nh6 10. Bd5 c6 11. Bc4 O-O 12. Bxh6 gxh6 13. Rfe1 Kh8 14. Qd1 Rg8
15. Qf3 Nd7 16. Bxf7 Rg7 17. Bxg6 Rxg6 18. a3 Rf8 19. Qd1 Bxf2+ 20. Kh2 Bxe1
21. Qxe1 Kg7 22. Qh4 Kf7 23. Ne2 Rfg8 24. Rg1 Nf6 25. d4 exd4 26. Nxd4 c5 27.
Ne2 d5 28. exd5 Nxd5 29. c4 Ne3 30. Qf4+ Rf6 31. Qxe3 b6 32. Nf4 a6 33. Nd5 Rf5
34. Qe7+ Kg6 35. Ne3 Rf7 36. Qe6+ Kg7 37. Nf5+ Kf8 38. Qc8# 1-0

[Event "Junior Online 4NCL Division 5"]
[Site "online"]
[Date "2020.05.14"]
[Round "5.25"]
[White "Das, Anish"]
[Black "Parizad, Anjal"]
[Result "0-1"]
[WhiteElo "887"]
[BlackElo "1000"]
[PlyCount "54"]
[EventDate "2020.05.14"]
[WhiteTeam "Blue Foxes 1"]
[BlackTeam "Leicestershire Juniors 4"]

1. e4 e5 2. Nf3 Nf6 3. Nxe5 Nxe4 4. d3 d6 5. dxe4 dxe5 6. Bc4 Nc6 7. Nc3 Be6 8.
O-O Bd6 9. b3 Nd4 10. Nd5 c6 11. Nc3 Qb6 12. Be3 Bxc4 13. bxc4 Qb2 14. Bd2 Nxc2
15. Rb1 Qa3 16. Qxc2 Qc5 17. Rfe1 O-O 18. Qb3 Be7 19. Na4 Qd6 20. Qxb7 Rab8 21.
Qxa7 Qxd2 22. Qxe7 Qxa2 23. Ra1 Qxc4 24. Rec1 Qxe4 25. Nc5 Qd4 26. Ra7 Rb1 27.
Ne6 Rxc1# 0-1

[Event "Junior Online 4NCL Division 5"]
[Site "online"]
[Date "2020.05.14"]
[Round "5.26"]
[White "Miles, Jacob"]
[Black "Kula, Michal"]
[Result "1-0"]
[WhiteElo "1022"]
[BlackElo "850"]
[PlyCount "33"]
[EventDate "2020.05.14"]
[WhiteTeam "Leicestershire Juniors 4"]
[BlackTeam "Blue Foxes 1"]

1. e4 e5 2. Bc4 h6 3. Qh5 g6 4. Qxe5+ Qe7 5. Qxh8 Nf6 6. Nf3 a6 7. d3 b5 8. Bb3
d6 9. Bxh6 Ng4 10. Bf4 Qf6 11. Qh4 Qxb2 12. Qg5 Qxa1 13. Kd2 Qd4 14. Nxd4 Bg7
15. Bg3 Bxd4 16. Bh4 Bxf2 17. Qe7# 1-0

[Event "Junior Online 4NCL Division 5"]
[Site "online"]
[Date "2020.05.14"]
[Round "5.27"]
[White "Das, Aman"]
[Black "Norton, Laurence"]
[Result "0-1"]
[WhiteElo "850"]
[BlackElo "887"]
[PlyCount "46"]
[EventDate "2020.05.14"]
[WhiteTeam "Blue Foxes 1"]
[BlackTeam "Leicestershire Juniors 4"]

1. Nf3 Nc6 2. Nc3 e5 3. e4 Nf6 4. Bb5 Bc5 5. Bc4 d6 6. d3 Ng4 7. Bg5 Bxf2+ 8.
Ke2 Qd7 9. h3 Bc5 10. hxg4 Qxg4 11. Qf1 O-O 12. Kd2 Nd4 13. Nxd4 Bxd4 14. Na4
Qxg5+ 15. Kd1 Bg4+ 16. Ke1 Be3 17. Rh3 Bxh3 18. gxh3 Qh4+ 19. Ke2 Bf4 20. Kf3
c6 21. d4 Qg3+ 22. Ke2 Qe3+ 23. Kd1 Qd2# 0-1

[Event "Junior Online 4NCL Division 5"]
[Site "online"]
[Date "2020.05.14"]
[Round "5.28"]
[White "Sehgal, Garv"]
[Black "Polyzos, Apostolos"]
[Result "1-0"]
[WhiteElo "782"]
[BlackElo "850"]
[PlyCount "61"]
[EventDate "2020.05.14"]
[WhiteTeam "Leicestershire Juniors 4"]
[BlackTeam "Blue Foxes 1"]

1. e4 e5 2. Nf3 Nc6 3. Bc4 Nf6 4. Ng5 Qe7 5. Nxf7 Rg8 6. Nxe5 Nxe5 7. Bxg8 Nxg8
8. Nc3 Nf6 9. O-O Nfg4 10. d4 Nc4 11. Qxg4 d5 12. Nxd5 Bxg4 13. Nxe7 Bxe7 14.
b3 Nd6 15. e5 Ne4 16. h3 Bd7 17. d5 O-O-O 18. e6 Bb5 19. Re1 Nf6 20. d6 Rxd6
21. Bg5 Nd5 22. c4 Bxg5 23. cxd5 Rxd5 24. e7 Kd7 25. e8=Q+ Kd6 26. Qe6+ Kc5 27.
b4+ Kxb4 28. Qxd5 Ka3 29. Qxg5 b6 30. Qxb5 g5 31. Qb3# 1-0

[Event "Junior Online 4NCL Division 5"]
[Site "online"]
[Date "2020.05.14"]
[Round "5.29"]
[White "Parizad, Anjal"]
[Black "Das, Anish"]
[Result "1-0"]
[WhiteElo "1000"]
[BlackElo "887"]
[PlyCount "27"]
[EventDate "2020.05.14"]
[WhiteTeam "Leicestershire Juniors 4"]
[BlackTeam "Blue Foxes 1"]

1. e4 e5 2. Nf3 Nc6 3. Nc3 Bc5 4. d3 Nf6 5. Be3 d5 6. exd5 Nxd5 7. Be2 Nxe3 8.
fxe3 Bxe3 9. d4 Nxd4 10. Nxe5 Qd5 11. Nxd5 Be6 12. Nxc7+ Ke7 13. Nxa8 Rb8 14.
Qd3 1-0

[Event "Junior Online 4NCL Division 5"]
[Site "online"]
[Date "2020.05.14"]
[Round "5.30"]
[White "Kula, Michal"]
[Black "Miles, Jacob"]
[Result "0-1"]
[WhiteElo "850"]
[BlackElo "1022"]
[PlyCount "26"]
[EventDate "2020.05.14"]
[WhiteTeam "Blue Foxes 1"]
[BlackTeam "Leicestershire Juniors 4"]

1. e4 e5 2. Nh3 Qh4 3. g3 Qxe4+ 4. Be2 Qxh1+ 5. Bf1 Qe4+ 6. Be2 Nf6 7. f3 Qb4
8. a3 Qd6 9. Bc4 Nc6 10. Ng5 Nd8 11. f4 Qd4 12. d3 Bc5 13. c3 Qf2# 0-1

[Event "Junior Online 4NCL Division 5"]
[Site "online"]
[Date "2020.05.14"]
[Round "5.31"]
[White "Norton, Laurence"]
[Black "Das, Aman"]
[Result "1-0"]
[WhiteElo "887"]
[BlackElo "850"]
[PlyCount "23"]
[EventDate "2020.05.14"]
[WhiteTeam "Leicestershire Juniors 4"]
[BlackTeam "Blue Foxes 1"]

1. e4 e5 2. Nf3 Nf6 3. Nc3 Nc6 4. Bb5 Bb4 5. Bxc6 dxc6 6. Nxe5 Bxc3 7. bxc3
Nxe4 8. Qh5 O-O 9. Nf3 Be6 10. d3 Nxc3 11. Ng5 Qd7 12. Qxh7# 1-0

[Event "Junior Online 4NCL Division 5"]
[Site "online"]
[Date "2020.05.14"]
[Round "5.32"]
[White "Polyzos, Apostolos"]
[Black "Sehgal, Garv"]
[Result "0-1"]
[WhiteElo "850"]
[BlackElo "782"]
[PlyCount "96"]
[EventDate "2020.05.14"]
[WhiteTeam "Blue Foxes 1"]
[BlackTeam "Leicestershire Juniors 4"]

1. e4 e5 2. f3 Bc5 3. Ne2 Qh4+ 4. g3 Qe7 5. d4 exd4 6. Nxd4 Bxd4 7. Qxd4 Nc6 8.
Qd1 Nf6 9. g4 h6 10. Nc3 O-O 11. Nb5 Qb4+ 12. c3 Qe7 13. Nxc7 Rb8 14. Bf4 Nxe4
15. Nd5 Qe6 16. Bxb8 Nxc3+ 17. Kd2 Nxd1 18. Kxd1 Qxd5+ 19. Ke2 Nxb8 20. Rd1
Re8+ 21. Kf2 Qxd1 22. Kg2 Qc2+ 23. Kg1 Qxb2 24. h4 Re1 25. Rh2 Rxf1+ 26. Kxf1
Qxh2 27. a4 Qxh4 28. a5 Qg3 29. f4 Qxf4+ 30. Kg1 Qxg4+ 31. Kf1 Qa4 32. Kg1 Qxa5
33. Kf1 Qa2 34. Ke1 b5 35. Kf1 b4 36. Ke1 b3 37. Kd1 b2 38. Kc2 Qb3+ 39. Kxb3
b1=Q+ 40. Kc4 h5 41. Kd5 Qe1 42. Kd6 h4 43. Kc7 h3 44. Kxc8 h2 45. Kxb8 h1=Q
46. Kc8 Qc6+ 47. Kd8 Qb6+ 48. Kc8 Qe8# 0-1

[Event "Junior Online 4NCL Division 5"]
[Site "online"]
[Date "2020.05.14"]
[Round "5.35"]
[White "Bailey, Matthew"]
[Black "Israni, Ishita"]
[Result "0-1"]
[WhiteElo "1037"]
[BlackElo "306"]
[PlyCount "38"]
[EventDate "2020.05.14"]
[WhiteTeam "Surbiton Juniors C"]
[BlackTeam "East Kilbride Rooks"]

1. e4 e5 2. Nf3 Nc6 3. Bb5 a6 4. Ba4 Nf6 5. Nc3 Bc5 6. O-O O-O 7. Kh1 h6 8.
Bxc6 dxc6 9. d4 exd4 10. e5 Nd7 11. Nxd4 Nxe5 12. Re1 Bxd4 13. Bf4 Ng4 14. Qe2
Qh4 15. h3 Bxf2 16. Rf1 Bd4 17. Bxc7 Nf2+ 18. Kg1 Nxh3+ 19. Kh1 Ng1+ 0-1

[Event "Junior Online 4NCL Division 5"]
[Site "online"]
[Date "2020.05.14"]
[Round "5.36"]
[White "Biswas, Snigdha"]
[Black "Broux, Tristan"]
[Result "1-0"]
[WhiteElo "300"]
[BlackElo "955"]
[PlyCount "105"]
[EventDate "2020.05.14"]
[WhiteTeam "East Kilbride Rooks"]
[BlackTeam "Surbiton Juniors C"]

1. e4 e5 2. Nf3 Nc6 3. Nc3 Nf6 4. Bc4 Bc5 5. O-O d5 6. exd5 Nxd5 7. Bxd5 Qf6 8.
Bc4 Qg6 9. a4 Bh3 10. Nh4 Qg5 11. Qf3 Qxh4 12. Qxh3 Qxh3 13. gxh3 Nd4 14. Re1
Nf3+ 15. Kf1 Nxe1 16. Kxe1 Bb4 17. Nd5 Bc5 18. Nxc7+ Kd8 19. Nxa8 b6 20. Bxf7
Kc8 21. c3 Kb8 22. Bd5 Rd8 23. c4 Rf8 24. d3 Bxf2+ 25. Ke2 Bg1 26. a5 bxa5 27.
Rxa5 Rf2+ 28. Kd1 Rxh2 29. Bf4 Rf2 30. Bxe5+ Kc8 31. Be6+ Kd8 32. Bxg7 Rg2 33.
Bf6+ Ke8 34. Rxa7 Rg6 35. Re7+ Kd8 36. Rg7+ Rxf6 37. Rxg1 Rxe6 38. b4 h5 39. b5
Re7 40. Rg5 Ra7 41. Nb6 Ra1+ 42. Kd2 Ra2+ 43. Ke3 Ra8 44. Nxa8 Ke7 45. Rxh5 Kf6
46. b6 Kg6 47. Rb5 Kf7 48. b7 Ke7 49. b8=Q Ke6 50. Qb6+ Kf7 51. Ra5 Kg7 52.
Ra7+ Kf8 53. Qb8# 1-0

[Event "Junior Online 4NCL Division 5"]
[Site "online"]
[Date "2020.05.14"]
[Round "5.37"]
[White "Rabie, Jamie"]
[Black "Vinodh, Sampriti"]
[Result "1-0"]
[WhiteElo "1000"]
[BlackElo "200"]
[PlyCount "123"]
[EventDate "2020.05.14"]
[WhiteTeam "Surbiton Juniors C"]
[BlackTeam "East Kilbride Rooks"]

1. e4 e5 2. Nf3 Nc6 3. Nc3 Nf6 4. Bc4 Bc5 5. d3 d6 6. Bg5 O-O 7. Bxf6 Qxf6 8.
O-O Bg4 9. Qe2 Bxf3 10. gxf3 Qg6+ 11. Kh1 Rfe8 12. Nd5 Re6 13. Nxc7 Rf6 14.
Nxa8 Qg5 15. Rg1 Qh6 16. Nc7 Nd4 17. Qd1 Nxf3 18. Rg3 Ng5 19. Qd2 Nh3 20. Qxh6
Nxf2+ 21. Kg2 Rxh6 22. c3 a5 23. a3 b6 24. b4 Rf6 25. bxc5 bxc5 26. Rf3 Ng4 27.
Rxf6 Nxf6 28. Nd5 Nh5 29. Ne7+ Kf8 30. Nf5 Nf4+ 31. Kf3 Ne6 32. Bxe6 fxe6 33.
Nxd6 Kg8 34. Nc4 h6 35. Nxa5 g5 36. Kg4 Kg7 37. h4 Kg6 38. hxg5 hxg5 39. Nc6
Kf6 40. d4 exd4 41. cxd4 cxd4 42. Nxd4 e5 43. Nf3 Ke6 44. Nxg5+ Kd6 45. Kf5 Kc5
46. Kxe5 Kc4 47. a4 Kb4 48. a5 Kb5 49. a6 Kb4 50. a7 Kb3 51. a8=Q Kc4 52. Qb8
Kc3 53. Ra7 Kc4 54. Rc7+ Kd3 55. Qd8+ Ke3 56. Qd4+ Ke2 57. Qc4+ Ke3 58. Qd4+
Ke2 59. Rc3 Ke1 60. Nf3+ Ke2 61. Qe3+ Kd1 62. Qd2# 1-0

[Event "Junior Online 4NCL Division 5"]
[Site "online"]
[Date "2020.05.14"]
[Round "5.38"]
[White "Vusikala, Tarun"]
[Black "Tran, Joseph"]
[Result "1-0"]
[WhiteElo "103"]
[BlackElo "737"]
[PlyCount "109"]
[EventDate "2020.05.14"]
[WhiteTeam "East Kilbride Rooks"]
[BlackTeam "Surbiton Juniors C"]

1. d4 e6 2. e4 d5 3. exd5 exd5 4. Nc3 Nf6 5. Bf4 Bd6 6. Bxd6 cxd6 7. Bb5+ Nc6
8. Bxc6+ bxc6 9. Qe2+ Qe7 10. Qxe7+ Kxe7 11. Nf3 c5 12. dxc5 dxc5 13. Ne5 d4
14. Nb5 Bb7 15. O-O-O Ne4 16. Rhe1 Nxf2 17. Rd2 Ng4 18. Nxg4+ Kd7 19. Ne5+ Ke6
20. Nc6+ Kd7 21. Na5 Ba6 22. Nxd4 cxd4 23. Rxd4+ Kc7 24. Re7+ Kb6 25. Rd6+ Kxa5
26. Rxf7 Rae8 27. Rxg7 Re1+ 28. Kd2 Re2+ 29. Kd1 Bc4 30. Rxa7+ Kb5 31. Rb7+ Kc5
32. Rh6 Rxg2 33. Rc7+ Kb4 34. Rb6+ Ka5 35. Rb8 Ka6 36. Rxh8 Rg1+ 37. Kd2 Rg2+
38. Kc3 Bxa2 39. Rhxh7 Rg6 40. Ra7+ Kb5 41. Rxa2 Rc6+ 42. Kd2 Rd6+ 43. Kc1 Rg6
44. Rh6 Rxh6 45. b3 Rxh2 46. c4+ Kc5 47. Rxh2 Kb4 48. Rh4 Kxb3 49. c5 Kc3 50.
c6 Kd3 51. c7 Kc3 52. c8=Q+ Kb3 53. Rh7 Kb4 54. Rb7+ Ka4 55. Qa8# 1-0

[Event "Junior Online 4NCL Division 5"]
[Site "online"]
[Date "2020.05.14"]
[Round "5.39"]
[White "Israni, Ishita"]
[Black "Bailey, Matthew"]
[Result "0-1"]
[WhiteElo "306"]
[BlackElo "1037"]
[PlyCount "96"]
[EventDate "2020.05.14"]
[WhiteTeam "East Kilbride Rooks"]
[BlackTeam "Surbiton Juniors C"]

1. e4 c5 2. Nf3 d6 3. Nc3 Nf6 4. d4 cxd4 5. Nxd4 a6 6. Bc4 Qa5 7. O-O Be6 8.
Bb5+ axb5 9. Ncxb5 Bc4 10. a4 Bxf1 11. Qxf1 Nxe4 12. Qc4 Qe1+ 13. Qf1 Qxf1+ 14.
Kxf1 Kd8 15. Bd2 Nxd2+ 16. Ke1 Ne4 17. f3 Nf6 18. Ra3 e5 19. Nf5 d5 20. Rc3 g6
21. Ne3 d4 22. Rc7 dxe3 23. Rxb7 Nfd7 24. Nd6 Bxd6 25. g4 Nc5 26. Rb6 Bc7 27.
Rb5 Nxa4 28. b3 Nc3 29. h3 Nxb5 30. h4 h5 31. gxh5 Rxh5 32. Ke2 Rxh4 33. Kxe3
Bb6+ 34. Kd3 Rh3 35. Kc4 Nd6+ 36. Kd5 Rxf3 37. Kxe5 Ne8 38. Ke4 Rf2 39. c3 g5
40. c4 g4 41. b4 g3 42. c5 Bc7 43. b5 g2 44. b6 g1=Q 45. c6 Qe1+ 46. Kd4 Rd2+
47. Kc5 Qc1+ 48. Kb5 Rb2# 0-1

[Event "Junior Online 4NCL Division 5"]
[Site "online"]
[Date "2020.05.14"]
[Round "5.40"]
[White "Broux, Tristan"]
[Black "Biswas, Snigdha"]
[Result "1-0"]
[WhiteElo "955"]
[BlackElo "300"]
[PlyCount "79"]
[EventDate "2020.05.14"]
[WhiteTeam "Surbiton Juniors C"]
[BlackTeam "East Kilbride Rooks"]

1. e4 e5 2. Nf3 Nc6 3. Bb5 Nf6 4. Bxc6 bxc6 5. Nxe5 Bc5 6. d4 Bd6 7. Bg5 O-O 8.
Bxf6 Qxf6 9. Nxd7 Qe7 10. Nxf8 Qxf8 11. Nd2 Qe7 12. Nf3 Qxe4+ 13. Kf1 Ba6+ 14.
Kg1 Be2 15. Qd2 Bf4 16. Qb4 Bd6 17. Qb7 Re8 18. Re1 Qxc2 19. Ng5 h6 20. Qb3
Qxb3 21. axb3 c5 22. dxc5 Bxc5 23. Ne4 Bb6 24. Nc3 c5 25. Nxe2 Ba5 26. Rd1 Rxe2
27. Rd5 Bb4 28. g3 Rxb2 29. Rd8+ Kh7 30. h4 Rxb3 31. g4 f6 32. f3 Rxf3 33. g5
fxg5 34. hxg5 a5 35. Rd6 c4 36. g6+ Kh8 37. Rd8+ Bf8 38. Kg2 Ra3 39. Rf1 c3 40.
Rfxf8# 1-0

[Event "Junior Online 4NCL Division 5"]
[Site "online"]
[Date "2020.05.14"]
[Round "5.41"]
[White "Vinodh, Sampriti"]
[Black "Rabie, Jamie"]
[Result "0-1"]
[WhiteElo "200"]
[BlackElo "1000"]
[PlyCount "42"]
[EventDate "2020.05.14"]
[WhiteTeam "East Kilbride Rooks"]
[BlackTeam "Surbiton Juniors C"]

1. e4 e5 2. Bc4 Nh6 3. Nc3 Nc6 4. Nf3 Bc5 5. O-O d6 6. d3 Bg4 7. Bg5 Qd7 8. a3
Bxf3 9. Qxf3 Nd4 10. Qd1 f6 11. Bxh6 gxh6 12. b4 Bb6 13. Nd5 O-O-O 14. Nxb6+
axb6 15. a4 Qg7 16. Qf3 Nxf3+ 17. Kh1 Nd2 18. Rfd1 Nxc4 19. Re1 Nd2 20. Re2
Rhg8 21. Rxd2 Qxg2# 0-1

[Event "Junior Online 4NCL Division 5"]
[Site "online"]
[Date "2020.05.14"]
[Round "5.42"]
[White "Tran, Joseph"]
[Black "Vusikala, Tarun"]
[Result "1-0"]
[WhiteElo "737"]
[BlackElo "103"]
[PlyCount "41"]
[EventDate "2020.05.14"]
[WhiteTeam "Surbiton Juniors C"]
[BlackTeam "East Kilbride Rooks"]

1. e4 c5 2. d4 cxd4 3. Qxd4 Nc6 4. Qd1 Nf6 5. Nc3 e5 6. Nf3 Bb4 7. Bb5 Bxc3+ 8.
bxc3 Na5 9. Bg5 O-O 10. Nxe5 Qe7 11. Nf3 Qe5 12. Nxe5 Re8 13. Nf3 Rxe4+ 14. Be2
b6 15. Bxf6 Ba6 16. Nd4 Rae8 17. O-O Bxe2 18. Nxe2 Rxe2 19. Bh4 Nc4 20. Qxd7
Ne5 21. Qxe8# 1-0

[Event "Junior Online 4NCL Division 5"]
[Site "online"]
[Date "2020.05.14"]
[Round "5.45"]
[White "Patel, Aaron"]
[Black "Abraham, Lexi"]
[Result "0-1"]
[WhiteElo "1000"]
[BlackElo "850"]
[PlyCount "24"]
[EventDate "2020.05.14"]
[WhiteTeam "Harrow Juniors F"]
[BlackTeam "Blue Foxes 3"]

1. e4 d5 2. exd5 Qxd5 3. Nc3 Qd7 4. Nf3 g6 5. d4 Bg7 6. Be3 e6 7. Be2 Ne7 8.
O-O O-O 9. Qd3 b6 10. b4 Nbc6 11. b5 Na5 12. a4 Bb7 0-1

[Event "Junior Online 4NCL Division 5"]
[Site "online"]
[Date "2020.05.14"]
[Round "5.46"]
[White "Hilmi, Sofia"]
[Black "Pipalia, Ayush"]
[Result "1-0"]
[WhiteElo "812"]
[BlackElo "1022"]
[PlyCount "68"]
[EventDate "2020.05.14"]
[WhiteTeam "Blue Foxes 3"]
[BlackTeam "Harrow Juniors F"]

1. d4 Nf6 2. Nc3 g6 3. Nf3 Bg7 4. Bg5 O-O 5. e3 d6 6. Bc4 Bg4 7. h3 Bxf3 8.
Qxf3 Nbd7 9. Qxb7 d5 10. Bxd5 Nxd5 11. Nxd5 Rb8 12. Qxa7 Rxb2 13. Bxe7 Qe8 14.
Bxf8 Qxf8 15. c3 Qb8 16. Qxb8+ Rxb8 17. Nxc7 Rb2 18. O-O Nf6 19. a3 Ne4 20. Nd5
h5 21. a4 Rb3 22. Rfc1 Nd2 23. a5 Rb5 24. Nc7 Rb7 25. Nd5 Nb3 26. Rcb1 Nxa5 27.
Rxb7 Nc4 28. Ra8+ Kh7 29. Rxf7 Nd6 30. Rd7 Nf5 31. Raa7 Nh6 32. Rxg7+ Kh8 33.
Rh7+ Kg8 34. Rxh6 Kf8 1-0

[Event "Junior Online 4NCL Division 5"]
[Site "online"]
[Date "2020.05.14"]
[Round "5.47"]
[White "Patel, Shailen"]
[Black "Ahmad, Amelia"]
[Result "1-0"]
[WhiteElo "1060"]
[BlackElo "775"]
[PlyCount "61"]
[EventDate "2020.05.14"]
[WhiteTeam "Harrow Juniors F"]
[BlackTeam "Blue Foxes 3"]

1. e4 e6 2. Nf3 d5 3. Nc3 Nc6 4. Bb5 Nf6 5. O-O Bd6 6. d4 Bd7 7. Bg5 O-O 8. Qd2
Na5 9. e5 Bb4 10. exf6 gxf6 11. Ne5 fxg5 12. a3 Be7 13. b4 Nc6 14. Qe2 Bd6 15.
f4 gxf4 16. Qg4+ Kh8 17. Rxf4 Nxd4 18. Nxd7 Bxf4 19. Nxf8 Qxf8 20. Qxf4 Nxc2
21. Qf6+ Kg8 22. Qg5+ Kh8 23. Qf6+ Qg7 24. Rf1 Rg8 25. Bd3 Nxa3 26. g3 e5 27.
Nxd5 c5 28. Ne7 Rd8 29. Ng6+ Kg8 30. Qxd8+ Qf8 31. Qxf8# 1-0

[Event "Junior Online 4NCL Division 5"]
[Site "online"]
[Date "2020.05.14"]
[Round "5.48"]
[White "Fowkes, Chloe"]
[Black "Horwood, Alexander"]
[Result "1-0"]
[WhiteElo "775"]
[BlackElo "1000"]
[PlyCount "67"]
[EventDate "2020.05.14"]
[WhiteTeam "Blue Foxes 3"]
[BlackTeam "Harrow Juniors F"]

1. e4 e5 2. Nf3 Nf6 3. Nc3 Nc6 4. Bc4 d6 5. d3 Be6 6. Be3 Be7 7. O-O Bxc4 8.
Qd2 O-O 9. Rfe1 Qd7 10. Rad1 b6 11. Re2 a6 12. dxc4 Rac8 13. Kh1 Rb8 14. g4 Rb7
15. h4 h5 16. gxh5 g6 17. h6 Kh7 18. Rg1 Rg8 19. Ng5+ Kxh6 20. f3 b5 21. cxb5
axb5 22. a4 Ra7 23. axb5 Rga8 24. Nxf7+ Kg7 25. Ng5 Ra1 26. Rxa1 Rxa1+ 27. Kg2
Ra4 28. Nxa4 Nh7 29. Nxh7 Qe6 30. bxc6 Bxh4 31. Kf1 Kxh7 32. Kg1 g5 33. Kg2 Qf7
34. Bxg5 1-0

[Event "Junior Online 4NCL Division 5"]
[Site "online"]
[Date "2020.05.14"]
[Round "5.49"]
[White "Abraham, Lexi"]
[Black "Patel, Aaron"]
[Result "1-0"]
[WhiteElo "850"]
[BlackElo "1000"]
[PlyCount "28"]
[EventDate "2020.05.14"]
[WhiteTeam "Blue Foxes 3"]
[BlackTeam "Harrow Juniors F"]

1. e4 e5 2. Nf3 Nc6 3. d4 exd4 4. Nxd4 Nxd4 5. Qxd4 c5 6. Qd5 Nf6 7. Bg5 Nxd5
8. Bxd8 Kxd8 9. exd5 Bd6 10. Nc3 b5 11. Nxb5 Be5 12. O-O-O Rb8 13. g3 a6 14.
Nc3 d6 1-0

[Event "Junior Online 4NCL Division 5"]
[Site "online"]
[Date "2020.05.14"]
[Round "5.50"]
[White "Pipalia, Ayush"]
[Black "Hilmi, Sofia"]
[Result "1-0"]
[WhiteElo "1022"]
[BlackElo "812"]
[PlyCount "163"]
[EventDate "2020.05.14"]
[WhiteTeam "Harrow Juniors F"]
[BlackTeam "Blue Foxes 3"]

1. d4 d5 2. Bf4 Nc6 3. Nf3 Nf6 4. Nc3 Bf5 5. e3 e6 6. Nb5 Be7 7. Nxc7+ Kd7 8.
Nxa8 Qxa8 9. Bb5 a6 10. Ne5+ Kc7 11. Nxf7+ Kb6 12. Nxh8 Kxb5 13. Nf7 Kb6 14.
O-O Ka7 15. Ne5 Nb4 16. Nd3 Qf8 17. Nxb4 Bxb4 18. c3 Be7 19. Qa4 Qf7 20. Bg5
Qh5 21. Bxf6 Bxf6 22. Qd1 Qg6 23. Qf3 Be4 24. Qg3 Qh6 25. f3 Bd3 26. Rfd1 Bh4
27. Qh3 Qxe3+ 28. Kh1 Qf2 29. g3 Qxf3+ 30. Qg2 Qe4 31. Qxe4 Bxe4+ 32. Kg1 Bg5
33. h4 Be3+ 34. Kh2 h6 35. Re1 Bf2 36. Rf1 Be3 37. Rf7 g5 38. hxg5 hxg5 39. Rf6
Bf5 40. Re1 Bf2 41. Rf1 Be3 42. Rf3 Bc1 43. b4 g4 44. Rf1 Bd2 45. a3 Bxc3 46.
Rd1 Bb2 47. Rf7 Bxa3 48. Rc7 Bxb4 49. Kg2 Bd6 50. Rcc1 Be4+ 51. Kf2 Bf3 52. Re1
Bb4 53. Rxe6 Bd2 54. Rc7 Ba5 55. Rh7 Bc3 56. Ree7 Bxd4+ 57. Kf1 Be4 58. Rxb7+
Ka8 59. Rbe7 Bxh7 60. Rxh7 a5 61. Rh4 a4 62. Rxg4 Be5 63. Rxa4+ Kb8 64. Ra5
Bxg3 65. Rxd5 Bc7 66. Ke2 Kb7 67. Kd3 Bd6 68. Rxd6 Kc7 69. Rh6 Kd7 70. Kd4 Ke7
71. Ke5 Kf7 72. Ra6 Kg7 73. Kf5 Kh7 74. Kg5 Kg7 75. Ra7+ Kf8 76. Kf6 Ke8 77.
Ke6 Kd8 78. Kd6 Kc8 79. Rh7 Kb8 80. Kc6 Ka8 81. Kb6 Kb8 82. Rh8# 1-0

[Event "Junior Online 4NCL Division 5"]
[Site "online"]
[Date "2020.05.14"]
[Round "5.51"]
[White "Ahmad, Amelia"]
[Black "Patel, Shailen"]
[Result "1-0"]
[WhiteElo "775"]
[BlackElo "1060"]
[PlyCount "73"]
[EventDate "2020.05.14"]
[WhiteTeam "Blue Foxes 3"]
[BlackTeam "Harrow Juniors F"]

1. e3 c5 2. d4 cxd4 3. exd4 Qa5+ 4. Nc3 Nf6 5. Nf3 e6 6. Bb5 Nc6 7. Bd3 Bb4 8.
Bd2 O-O 9. O-O d5 10. Qe2 Bd7 11. a3 Bd6 12. Nb5 a6 13. Bxa5 Nxa5 14. Nxd6 Ng4
15. Nxb7 Nxh2 16. Nxh2 Nxb7 17. Bxa6 Nd6 18. Qg4 Rab8 19. Bd3 e5 20. Qxd7 Rbd8
21. Qh3 e4 22. Be2 Rb8 23. Rab1 Rfc8 24. f3 Rxc2 25. fxe4 Rxe2 26. exd5 Nc4 27.
Rf3 Nxb2 28. Rxb2 Rexb2 29. Rg3 Re8 30. Nf1 h6 31. Qd7 Re4 32. Qd8+ Kh7 33. d6
Rxd4 34. d7 Rb7 35. Qe8 Rbxd7 36. Qf8 h5 37. Qxg7# 1-0

[Event "Junior Online 4NCL Division 5"]
[Site "online"]
[Date "2020.05.14"]
[Round "5.52"]
[White "Horwood, Alexander"]
[Black "Fowkes, Chloe"]
[Result "0-1"]
[WhiteElo "1000"]
[BlackElo "775"]
[PlyCount "56"]
[EventDate "2020.05.14"]
[WhiteTeam "Harrow Juniors F"]
[BlackTeam "Blue Foxes 3"]

1. e4 e5 2. Nc3 Nc6 3. Nf3 Nf6 4. d3 Bd6 5. Be2 Bc5 6. O-O d6 7. h3 Be6 8. b3
Qe7 9. Qe1 O-O 10. a3 Rfe8 11. Ra2 Rad8 12. d4 exd4 13. Rb2 dxc3 14. Ra2 Nd4
15. b4 Rd7 16. Nxd4 Bxd4 17. e5 Bxe5 18. Bb5 c6 19. Bg5 h6 20. Bxh6 cxb5 21.
Bg5 g6 22. Rb2 cxb2 23. Qc3 b1=Q 24. a4 bxa4 25. Qc5 dxc5 26. Rxb1 a3 27. Ra1
Red8 28. Rxa3 Rd1# 0-1

[Event "Junior Online 4NCL Division 5"]
[Site "online"]
[Date "2020.05.14"]
[Round "5.55"]
[White "Lombardo, Martino"]
[Black "Durling, Charlie"]
[Result "0-1"]
[WhiteElo "917"]
[BlackElo "1105"]
[PlyCount "82"]
[EventDate "2020.05.14"]
[WhiteTeam "Leicestershire Juniors 6"]
[BlackTeam "May the Fork Be With You 3"]

1. Nc3 e5 2. Nf3 Nc6 3. e4 Bc5 4. Bc4 Nf6 5. O-O Nxe4 6. Nxe4 d5 7. Nxc5 dxc4
8. Re1 Qd5 9. Ne4 O-O 10. c3 Bf5 11. Re3 Bxe4 12. h3 Bd3 13. Ne1 e4 14. b3 Rfe8
15. bxc4 Qxc4 16. Qb3 Qxb3 17. axb3 Rad8 18. Ba3 b6 19. Rc1 h6 20. c4 Nd4 21.
Kh1 Nxb3 22. Rc3 Nxd2 23. Bc1 Nxc4 24. Nxd3 Nxe3 25. fxe3 exd3 26. Rxc7 d2 27.
Bxd2 Rxd2 28. Rxa7 Rxe3 29. Ra8+ Kh7 30. Ra1 Ree2 31. Rf1 f6 32. Rb1 Rb2 33.
Rc1 Rxg2 34. Rf1 b5 35. h4 b4 36. h5 b3 37. Rd1 Rgd2 38. Rc1 Rbc2 39. Rb1 b2
40. Re1 Rc1 41. Rf1 Rxf1# 0-1